[Event "SVK-chT2D 2324"]
[Site "Slovakia"]
[Date "2023.10.07"]
[Round "1.1"]
[White "Hando, Vilmos"]
[Black "Koval, Jakub"]
[Result "1-0"]
[WhiteElo "2378"]
[BlackElo "2133"]
[PlyCount "107"]
[EventDate "2023.10.07"]
[EventType "team-tourn"]
[EventRounds "11"]
[EventCountry "SVK"]
[SourceTitle "EXT 2025"]
[Source "ChessBase"]
[SourceDate "2024.10.14"]
[SourceVersion "1"]
[SourceVersionDate "2024.10.14"]
[SourceQuality "1"]
[WhiteTeam "Moldava nad Bodvou"]
[BlackTeam "Presov Tatran Dason"]
[WhiteTeamCountry "SVK"]
[BlackTeamCountry "SVK"]

1. Nf3 f5 2. b3 Nf6 3. Bb2 e6 4. g3 b6 5. Bg2 Bb7 6. 0-0 Be7 7. c4 0-0 8. Nc3 Ne4 9. d4 Bf6 10. Rc1 d6 11. Qc2 Nxc3 12. Bxc3 Be4 13. Qb2 Nd7 14. Rfd1 Qe8 15. Ne1 e5 16. dxe5 Nxe5 17. Qd2 Qg6 18. Bxe5 Bxe5 19. Nd3 Rae8 20. e3 Bxg2 21. Kxg2 Qg4 22. f4 Bf6 23. Nf2 Qg6 24. Qd5+ Qf7 25. Re1 Bb2 26. Rc2 Ba3 27. e4 Bc5 28. Rce2 Bxf2 29. Kxf2 Qxd5 30. cxd5 Rxe4 31. Rxe4 fxe4 32. Ke3 Kf7 33. Rc1 Rc8 34. b4 a6 35. Rc3 a5 36. b5 Ke7 37. Rc4 Kd7 38. Rxe4 Rf8 39. Re6 Ra8 40. Kd4 Rf8 41. Re4 Rf6 42. Re3 Rh6 43. Re2 Rf6 44. Ke4 Rf8 45. g4 a4 46. a3 Re8+ 47. Kd3 Rxe2 48. Kxe2 Ke7 49. Kd3 Kf6 50. Ke4 Kg6 51. h4 Kf6 52. g5+ Kg6 53. f5+ Kf7 54. Kd4 1-0

[Event "SVK-ch Amateurs"]
[Site "Liptovsky Jan"]
[Date "2023.06.17"]
[Round "6"]
[White "Petrigacova, Daniela"]
[Black "Koval, Jakub"]
[Result "0-1"]
[WhiteElo "1798"]
[BlackElo "2159"]
[PlyCount "90"]
[EventDate "2023.06.15"]
[EventType "swiss"]
[EventRounds "8"]
[EventCountry "SVK"]
[SourceTitle "CBM 214 Extra"]
[Source "ChessBase"]
[SourceDate "2023.07.31"]
[SourceVersion "1"]
[SourceVersionDate "2023.07.31"]
[SourceQuality "1"]

1. e4 e5 2. Nf3 Nc6 3. Bb5 g6 4. c3 a6 5. Ba4 d6 6. h3 Bg7 7. 0-0 Nf6 8. Re1 b5 9. Bb3 0-0 10. d4 Qe7 11. d5 Na5 12. Bg5 Bd7 13. Nbd2 h6 14. Bxf6 Qxf6 15. Bc2 h5 16. Qe2 Bh6 17. b4 Nb7 18. Bd3 Qg7 19. a4 bxa4 20. Bxa6 Ra7 21. Bb5 f5 22. Bxd7 Qxd7 23. Nh4 Qf7 24. c4 Qf6 25. Nhf3 Kh8 26. Ra3 Nd8 27. Rea1 Nf7 28. Rxa4 Rxa4 29. Rxa4 Ng5 30. Ra3 Kh7 31. h4 Nxf3+ 32. Nxf3 Qd8 33. b5 fxe4 34. Qxe4 Rf4 35. Qe2 Rg4 36. Ra7 Qb8 37. Qa2 Rxc4 38. Qxc4 Qxa7 39. Qc6 Bf4 40. Ng5+ Kh6 41. Kf1 Qa1+ 42. Ke2 Qb2+ 43. Kf3 Qb3+ 44. Ke4 Qb1+ 45. Kf3 Qd1+ 0-1

[Event "SVK-ch Amateurs"]
[Site "Liptovsky Jan"]
[Date "2023.06.16"]
[Round "3"]
[White "Koval, Jakub"]
[Black "Marjanovic, Gyorgy"]
[Result "1-0"]
[WhiteElo "2159"]
[BlackElo "2017"]
[PlyCount "37"]
[EventDate "2023.06.15"]
[EventType "swiss"]
[EventRounds "8"]
[EventCountry "SVK"]
[SourceTitle "CBM 214 Extra"]
[Source "ChessBase"]
[SourceDate "2023.07.31"]
[SourceVersion "1"]
[SourceVersionDate "2023.07.31"]
[SourceQuality "1"]

1. Nf3 c5 2. g3 d5 3. Bg2 Nc6 4. d3 e5 5. 0-0 Be7 6. e4 d4 7. Nbd2 h5 8. Nc4 Qc7 9. a4 h4 10. c3 Be6 11. Qb3 Na5 12. Qb5+ Nc6 13. a5 0-0-0 14. a6 b6 15. cxd4 Nxd4 16. Nxd4 Rxd4 17. Nxb6+ Kd8 18. Bd2 Qb8 19. Ba5 1-0

[Event "SVK-ch Amateurs"]
[Site "Liptovsky Jan"]
[Date "2023.06.16"]
[Round "4"]
[White "Sharan, Rao"]
[Black "Koval, Jakub"]
[Result "1-0"]
[WhiteElo "2248"]
[BlackElo "2159"]
[PlyCount "111"]
[EventDate "2023.06.15"]
[EventType "swiss"]
[EventRounds "8"]
[EventCountry "SVK"]
[SourceTitle "CBM 214 Extra"]
[Source "ChessBase"]
[SourceDate "2023.07.31"]
[SourceVersion "1"]
[SourceVersionDate "2023.07.31"]
[SourceQuality "1"]

1. d4 Nf6 2. Nf3 g6 3. b3 c5 4. Bb2 cxd4 5. Nxd4 Bg7 6. e3 0-0 7. Be2 d5 8. 0-0 Nbd7 9. Nd2 Ne4 10. c4 Qa5 11. Nxe4 dxe4 12. Qc2 Nf6 13. c5 a6 14. a3 Qc7 15. b4 h5 16. h3 h4 17. Rac1 e5 18. Nb3 Bf5 19. Nd2 Rad8 20. Nc4 Nh7 21. Nd6 Ng5 22. Rfd1 Qe7 23. Nxf5 gxf5 24. Rxd8 Rxd8 25. Rd1 f4 26. Rxd8+ Qxd8 27. Qd1 Qf6 28. Qd7 f3 29. Bf1 Qg6 30. Qc8+ Kh7 31. Qg4 fxg2 32. Bxg2 Nf3+ 33. Kh1 f5 34. Qxg6+ Kxg6 35. Bf1 Bf8 36. Bc4 a5 37. Bd5 axb4 38. axb4 b6 39. Ba3 Kf6 40. cxb6 Bd6 41. b7 Bb8 42. b5 Ng5 43. Kg2 Nf3 44. Bb4 Ng5 45. Bf8 Nf3 46. Bc6 Ne1+ 47. Kf1 Nf3 48. Bd7 Ng5 49. Kg2 Bc7 50. Bb4 Nf7 51. Ba5 Bb8 52. Kf1 Kg6 53. Be8 Kf6 54. Bxf7 Kxf7 55. Bd8 Kg6 56. b6 1-0

[Event "SVK-ch Amateurs"]
[Site "Liptovsky Jan"]
[Date "2023.06.15"]
[Round "1"]
[White "Koval, Jakub"]
[Black "Lazniewska, Zofia"]
[Result "1-0"]
[WhiteElo "2159"]
[BlackElo "1583"]
[PlyCount "89"]
[EventDate "2023.06.15"]
[EventType "swiss"]
[EventRounds "8"]
[EventCountry "SVK"]
[SourceTitle "CBM 214 Extra"]
[Source "ChessBase"]
[SourceDate "2023.07.31"]
[SourceVersion "1"]
[SourceVersionDate "2023.07.31"]
[SourceQuality "1"]

1. e4 c5 2. Nc3 Nc6 3. Bb5 Nd4 4. Nf3 Nxb5 5. Nxb5 d5 6. exd5 a6 7. Nc3 Nf6 8. 0-0 Nxd5 9. Ne5 Nf6 10. Qf3 e6 11. d3 Bd6 12. Re1 0-0 13. h3 h6 14. a4 Rb8 15. a5 Nd7 16. Nc4 Bc7 17. Ne4 Qe7 18. Be3 f5 19. Nc3 b5 20. axb6 Nxb6 21. Nxb6 Bxb6 22. Bf4 Rb7 23. Rxa6 Qd8 24. Rxe6 Bxe6 25. Qxb7 Bc8 26. Qxb6 Bxa6 27. Qxa6 Re8 28. Qc4+ Kh8 29. Qxc5 Qh4 30. Bd2 Qf6 31. Nd1 Re2 32. Bc3 Rxc2 33. Bxf6 Rxc5 34. Bc3 f4 35. f3 Kg8 36. Nf2 Kf7 37. Ne4 Rd5 38. d4 g5 39. Kf1 Ke6 40. Ke2 Rb5 41. Kd3 Kd5 42. Nf6+ Ke6 43. Kc4 Rb8 44. d5+ Kd6 45. Be5+ 1-0

[Event "SVK-chT2D 2223"]
[Site "Slovakia"]
[Date "2022.11.12"]
[Round "3.1"]
[White "Stofan, Jozef"]
[Black "Koval, Jakub"]
[Result "1/2-1/2"]
[WhiteElo "2026"]
[BlackElo "2133"]
[PlyCount "87"]
[EventDate "2022.10.08"]
[EventType "team-tourn"]
[EventRounds "11"]
[EventCountry "SVK"]
[SourceTitle "EXT 2024"]
[Source "ChessBase"]
[SourceDate "2023.10.10"]
[SourceVersion "1"]
[SourceVersionDate "2023.10.10"]
[SourceQuality "1"]
[WhiteTeam "Spisska Nova Ves"]
[BlackTeam "Presov Tatran Dason"]
[WhiteTeamCountry "SVK"]
[BlackTeamCountry "SVK"]

1. e4 e5 2. Nc3 Bb4 3. Qg4 Kf8 4. Qg3 Nc6 5. Bc4 h5 6. d3 h4 7. Qf3 Nf6 8. Bd2 Nd4 9. Qd1 c6 10. Nce2 Bxd2+ 11. Qxd2 h3 12. g3 d5 13. exd5 cxd5 14. Bb3 Qb6 15. Nxd4 exd4 16. 0-0-0 a5 17. a3 Qc5 18. f3 Ra6 19. Ne2 Rb6 20. Ba4 Re6 21. Rde1 Re3 22. Rhf1 Rh5 23. c3 dxc3 24. Qxc3 Qxc3+ 25. bxc3 Rhe5 26. Kd2 Re7 27. Ng1 d4 28. cxd4 R3e6 29. g4 Rb6 30. Rb1 Rd6 31. Nxh3 Rxd4 32. Bc2 Rc7 33. Rb5 Rd5 34. Rfb1 Rcc5 35. Rxc5 Rxc5 36. Nf2 Ke7 37. h3 Kd6 38. Ne4+ Nxe4+ 39. fxe4 Ke5 40. Rb6 Kf4 41. Bb3 f6 42. Bd5 Kg3 43. d4 Rc7 44. Rb3+ 1/2-1/2

[Event "SVK-chT1E 2122"]
[Site "Slovakia"]
[Date "2022.05.15"]
[Round "11.3"]
[White "Straka, Jozef1"]
[Black "Koval, Jakub"]
[Result "1-0"]
[WhiteElo "2330"]
[BlackElo "2115"]
[PlyCount "79"]
[EventDate "2022.01.29"]
[EventType "team-tourn"]
[EventRounds "11"]
[EventCountry "SVK"]
[SourceTitle "EXT 2023"]
[Source "ChessBase"]
[SourceDate "2022.10.05"]
[SourceVersion "1"]
[SourceVersionDate "2022.10.05"]
[SourceQuality "1"]
[WhiteTeam "Cadca"]
[BlackTeam "Presov Tatran Dason"]
[WhiteTeamCountry "SVK"]
[BlackTeamCountry "SVK"]

1. d4 Nf6 2. c4 c5 3. d5 e6 4. Nc3 exd5 5. cxd5 d6 6. Nf3 g6 7. Nd2 Bd7 8. e4 Qe7 9. Be2 Bg7 10. 0-0 0-0 11. Re1 h5 12. h3 Nh7 13. Bf1 Na6 14. Nb3 Nc7 15. a4 Qd8 16. Bf4 Ne8 17. Bh2 Rc8 18. Qc2 f5 19. e5 dxe5 20. Bxe5 Bxe5 21. Rxe5 Nd6 22. Rae1 Ng5 23. Nd2 Qf6 24. f4 Ngf7 25. Nf3 Rfe8 26. Qf2 Ne4 27. Nxe4 fxe4 28. R5xe4 Rxe4 29. Rxe4 Nd6 30. Re5 Qxf4 31. Bd3 Bf5 32. Bxf5 Nxf5 33. Qe1 Rf8 34. Re6 Kh7 35. h4 Rg8 36. a5 Rg7 37. Re8 Rg8 38. Ng5+ Kh6 39. Rxg8 Nxh4 40. Ne6 1-0

[Event "Lesnica Pieniny op"]
[Site "Lesnica"]
[Date "2022.04.09"]
[Round "3"]
[White "Ambrozi, Peter"]
[Black "Koval, Jakub"]
[Result "0-1"]
[WhiteElo "1992"]
[BlackElo "2115"]
[PlyCount "70"]
[EventDate "2022.04.08"]
[EventType "swiss"]
[EventRounds "7"]
[EventCountry "SVK"]
[SourceTitle "CBM 207 Extra"]
[Source "ChessBase"]
[SourceDate "2022.05.31"]
[SourceVersion "1"]
[SourceVersionDate "2022.05.31"]
[SourceQuality "1"]

1. d4 f5 2. Nf3 Nf6 3. g3 g6 4. Bg2 Bg7 5. 0-0 0-0 6. c4 d6 7. Nc3 Qe8 8. d5 Na6 9. Rb1 Nc5 10. Nd2 a5 11. Nb3 Nfe4 12. Nxe4 Nxe4 13. f3 Nf6 14. Nd4 e5 15. Nb5 Qe7 16. Bg5 h6 17. Bxf6 Rxf6 18. f4 exf4 19. gxf4 Rf7 20. Qd2 b6 21. Rbe1 Qf6 22. b3 Ba6 23. e4 Re8 24. exf5 Rxe1 25. Rxe1 Qxf5 26. Re8+ Kh7 27. Be4 Qg4+ 28. Kh1 Bxb5 29. cxb5 Rxf4 30. Qd3 Bd4 31. Bg2 Be5 32. Re7+ Kh8 33. Rxc7 Rd4 34. Bf3 Qh3 35. Qe2 Rd1+ 0-1

[Event "SVK-chT1E 2122"]
[Site "Slovakia"]
[Date "2022.03.19"]
[Round "6.2"]
[White "Koval, Jakub"]
[Black "Varga, Lukas"]
[Result "0-1"]
[WhiteElo "2115"]
[BlackElo "2142"]
[PlyCount "58"]
[EventDate "2022.01.29"]
[EventType "team-tourn"]
[EventRounds "11"]
[EventCountry "SVK"]
[SourceTitle "EXT 2023"]
[Source "ChessBase"]
[SourceDate "2022.10.05"]
[SourceVersion "1"]
[SourceVersionDate "2022.10.05"]
[SourceQuality "1"]
[WhiteTeam "Presov Tatran Dason"]
[BlackTeam "Kosice Slavia TU"]
[WhiteTeamCountry "SVK"]
[BlackTeamCountry "SVK"]

1. c4 Nf6 2. Nf3 g6 3. g3 Bg7 4. Bg2 0-0 5. Nc3 d5 6. cxd5 Nxd5 7. 0-0 c5 8. d4 cxd4 9. Nxd4 Nxc3 10. bxc3 Qc7 11. Qb3 Nd7 12. Ba3 a6 13. Rab1 Ne5 14. Bd5 Rd8 15. f4 e6 16. Bxe6 fxe6 17. fxe5 Qxe5 18. Rf3 Qd5 19. Qb4 e5 20. Rbf1 Bh3 21. e4 Qxe4 22. Qe7 Bxf1 23. Ne6 Bh6 24. Qf7+ Kh8 25. Qf6+ Kg8 26. Nxd8 Bc4 27. Bf8 Qe1+ 28. Kg2 Qd2+ 29. Kh3 Rxd8 0-1

[Event "SVK-chT1E 2122"]
[Site "Slovakia"]
[Date "2022.02.26"]
[Round "4.3"]
[White "Macko, Michal"]
[Black "Koval, Jakub"]
[Result "1/2-1/2"]
[WhiteElo "2177"]
[BlackElo "2115"]
[PlyCount "60"]
[EventDate "2022.01.29"]
[EventType "team-tourn"]
[EventRounds "11"]
[EventCountry "SVK"]
[SourceTitle "EXT 2023"]
[Source "ChessBase"]
[SourceDate "2022.10.05"]
[SourceVersion "1"]
[SourceVersionDate "2022.10.05"]
[SourceQuality "1"]
[WhiteTeam "Liptov Chess School II"]
[BlackTeam "Presov Tatran Dason"]
[WhiteTeamCountry "SVK"]
[BlackTeamCountry "SVK"]

1. e4 e5 2. Nf3 Nc6 3. Bc4 Bc5 4. c3 Nf6 5. d3 d6 6. a4 Bb6 7. h3 0-0 8. Bg5 Be6 9. Nbd2 a6 10. 0-0 Qe7 11. Re1 Rad8 12. Qe2 h6 13. Bh4 Kh8 14. Bxe6 fxe6 15. Nc4 Ba7 16. d4 g5 17. dxe5 Nh5 18. Nxg5 Nf4 19. Qg4 Ng6 20. Qh5 Kg7 21. exd6 cxd6 22. Nh7 Qxh4 23. Qxh4 Nxh4 24. Nxf8 Rxf8 25. Re2 Kf6 26. g3 Rg8 27. Kh2 Nf3+ 28. Kg2 Nh4+ 29. Kh2 Nf3+ 30. Kg2 Nh4+ 1/2-1/2